| 000 | 00714cab a2200253 4500 | ||
|---|---|---|---|
| 001 | WB3404-46 | ||
| 008 | 090401t1998 xxu||||| |||| 00| 0 eng d | ||
| 035 | _a(Sirsi) u83416 | ||
| 041 | _aeng | ||
| 245 | _aBSE inquiry agenda | ||
| 260 | _c1998 | ||
| 350 | _a0 | ||
| 490 |
_aBSE Inquiry News Release _v(TBI/3) 27 January 1998 (3) |
||
| 520 | _aSir Nicholas Phillips, Chairman of the BSE Inquiry sets out his plans for running the Inquiry and introduces members of his team. Details. | ||
| 650 | _aBEEF CATTLE | ||
| 650 | _aBEEF INDUSTRY | ||
| 650 | _aBSE INQUIRY | ||
| 650 | _aBSE | ||
| 650 | _aCJD | ||
| 650 | _aMAD COW DISEASE | ||
| 690 | _aRURAL PRACTICE | ||
| 942 | _n0 | ||
| 948 | _c29/01/1998 | ||
| 999 |
_c52684 _d52684 |
||